Datum a čas kvízu

28.5 Celkem bodů Celkový počet nahraných bodů na tomto kvízu bez doplňovacích otázek.
5. Pořadí na kvízu Konečné umístění týmu na tomto kvízu.

Zaznamenané odpovědi

# Otázka Odpověď Body Výsledky
1. První číslo československé ver... 1
2. Papež František bude na své na... 0
3. Na americkou rockovou skupinu... 0
4. Tzv. aféra Dieselgate stála fi... 0
5. Na začátku září odehraje česká... 1
6. V roce 2015 vypustily japonské... 0
7. Napište podtitul filmu ze séri... 1
8. Humanoidní robot, který má pod... 0
9. Mezi roboty můžeme svým způsob... 1
10. Nesmíme opomenout Karla Čapka... 1